Electrónica : 3er. congreso, 7 al 11 de noviembre de 1983 /

Guardado en:
Autores Corporativos: Electrónica Buenos Aires), Subsecretaría de Ciencia y Tecnología (SUBCYT)
Formato: Libro
Idioma:Spanish
Publicado: Buenos Aires : Subcyt, 1983.
Materias:
Etiquetas: Agregar Etiqueta
Sin Etiquetas, Sea el primero en etiquetar este registro!
LEADER 00876nam a22002175a 4500
001 EIQ.libpla001251
008 060828s1983####ag#a##########100#0#spa#d
005 20071227150703.0
245 1 0 |a Electrónica :  |b 3er. congreso, 7 al 11 de noviembre de 1983 /  |c Secretaría de planeamiento, Subsecretaría de Ciencia y Tecnología. 
260 |a Buenos Aires :  |b Subcyt,  |c 1983. 
300 |a 468 p. :  |b il. ;  |c 29 cm. 
111 2 |a Electrónica  |n (3er. :  |d 1983 :  |c Buenos Aires) 
710 2 |a Subsecretaría de Ciencia y Tecnología (SUBCYT) 
650 4 |a Electrónica  |x Congresos. 
650 4 |a Microprocesadores  |x Congresos. 
650 4 |a Circuitos electrónicos  |x Congresos. 
650 4 |a Electronics  |x Congresses. 
650 4 |a Electronics circuits  |x Congresses. 
650 4 |a Microprocessors  |x Congresses. 
040 |a AR-BbSID  |b spa  |c AR-BbSID 
859 |a AR-BbSID  |b BIB. PLAPIQUI  |h 621.381  |i El 25  |p 3892